000
00316nam a2200145Ia 4500
100
_a
Pratt T bostian C. W
942
_c
BK
654
_a
Satellite
245
_a
Satellite communictions
260
_b
John wiley
_a
Singapore
_c
1986
082
_a
621.380422
_b
PRA
300
_a
472
546
_a
ENGLISH
999
_c
32266
_d
32266